While the sirens slept /

Uloženo v:
Podrobná bibliografie
Hlavní autor: Dunsany, Edward John Moreton Drax Plunkett, Baron, 1878-1957
Médium: Kniha
Jazyk:English
Vydáno: London : Jarrolds, [1944].
LEADER 00783nam a2200205 a 4500
001 c000048223
003 CARM
005 19870813000000.0
008 801004s1944 000 0 eng d
019 1 |a 2533708  |z 45903215  |5 LACONCORD2021 
035 |a (OCoLC)3693115  |5 LACONCORD2021 
040 |a VCAV  |b eng  |c VCAV  |d VMOU 
082 1 4 |a 828.912  |2 19 
100 1 |a Dunsany, Edward John Moreton Drax Plunkett,  |c Baron,  |d 1878-1957. 
245 1 0 |a While the sirens slept /  |c by Lord Dunsany. 
260 |a London :  |b Jarrolds,  |c [1944]. 
300 |a 151 p. ;  |c 22 cm. 
852 8 |b CARM  |h A2:AE34F0  |i B00957  |p 0052754  |f BK 
999 f f |i 579c0aee-e8fd-5754-bcc8-702f2042fa77  |s 0bace3bc-7e01-5242-a31b-d0da8c005452 
952 f f |p Can circulate  |a CAVAL  |b CAVAL  |c CAVAL  |d CARM 1 Store  |e B00957  |f A2:AE34F0  |h Other scheme  |i book  |m 0052754